000 00329nam a22001337a 4500
008 171031b xxu||||| |||| 00| 0 eng d
020 _a9780471121978
041 _aeng
080 _23 ED
_a33
100 _a58
101 _aBUS
245 _aMERGERS ACQUISTIONS AND CORPORATE RESTRUCTURING
_cPATRICK.A.G
942 _2udc
_cBK
999 _c36755
_d36755